Письма графу Н.П. Шереметеву графини Надежды и графини Настасьи Ал. Шереметевых

Доступно только в Электронных читальных залах Найти на картеНа карте
RUSMARC
00003687nmc2a22002413x 450
001f58d332e-cd42-461c-9117-35562cd117a8
00520230906010023.0
100##$a20230303l16151917k l0rusy0189 ca
1010#$arus
102##$aRU
105##$ay###
1222#$ad
2001#$aПисьма графу Н.П. Шереметеву графини Надежды и графини Настасьи Ал. Шереметевых
$j7 декабря 1794 г. - 15 октября 1803 г. и без даты
215##$a9 л.
$d36,5х26 см
251##$cДело
300##$aГраф Николай Петрович Шереметев. Переписка. Письма разных лиц Н.П. Шереметеву
371##$aДокумент не является опубликованным и широко распространяемым
461#0$100198b93a77-94f0-46bb-a7e0-b5027cc72a67
$12001
$aШереметевы, графы
$1251
$cФонд
$1852
$j1088
462#0$1001d3ce280e-361b-49f4-86d2-e1a120f828b4
$12001
$aЛичные документы, переписка и документы, связанные со служебной и общественной деятельностью графов Бориса Петровича, Петра Борисовича, Николая Петровича и Дмитрия Шереметевых
$1251
$cОпись
$1852
$j1
801#0$aRU
$bРГИА
$c20230303
$gRCR
801#1$aRU
$bГлавНИВЦ
$c20230303
$2rusmarc
801#2$aRU
$bПБ им. Б.Н. Ельцина
$c20230906
$gRCR
$2rusmarc
850##$aРГИА
852##$aРГИА
$eФедеральное казенное учреждение "Российский государственный исторический архив" (РГИА)
$j300
937##$hРГИА
$d12391386
$aASBIBLIO_SCAN
035##$aRusGRCC00059734
856##$uhttp://readingroom.main.prlib.ru/item.aspx?id_node=n187380730&mode=full
Формат отображения